000 00536nam a2200217Ia 4500
003 OSt
005 20220928144049.0
006 a|||||r|||| 00| 0
007 ta
008 220927b |||||||| |||| 00| 0 eng d
024 _a23941
037 _cTextual
040 _aSDCL
_cSDCL
_beng
041 _2eng
_aeng
082 _aQ1:24:(P:28), N4
100 _aSingh Maan
_9506623
245 0 _aUpanishadic etymologies.
260 _c1994
942 _hQ1:24:(P:28), N4
_cTEXL
_2CC
999 _c825869
_d825869